| 000 | 01082cam a2200253 i 4500 | ||
|---|---|---|---|
| 999 |
_c23953 _d23953 |
||
| 001 | 360850 | ||
| 005 | 20170127122826.0 | ||
| 008 | 771118s1978 nju b 100 0 eng | ||
| 010 | _a 77082878 | ||
| 020 | _a0874131294 | ||
| 040 |
_aDLC _cDLC _dDLC |
||
| 050 | 0 | 0 |
_aPR2890 _b.W66 1976 |
| 110 | 2 |
_aInternational Shakespeare Association. _bCongress _n(1st : _d1976 : _cWashington, D.C.) |
|
| 245 | 1 | 0 |
_aShakespeare, pattern of excelling nature : _bShakespeare criticism in honor of America's Bicentennial : from the International Shakespeare Association Congress, Washington, D. C., April 1976 / _cedited by David Bevington and Jay L. Halio. |
| 260 |
_aNewark : _bUniversity of Delaware Press, _cc1978. |
||
| 300 |
_a304 p. ; _c24 cm. |
||
| 504 | _aIncludes bibliographical references. | ||
| 600 | 1 | 0 |
_aShakespeare, William, _d1564-1616 _xCriticism and interpretation _xCongresses. |
| 700 | 1 | _aBevington, David M. | |
| 700 | 1 | _aHalio, Jay L. | |
| 906 |
_a7 _bcbc _corignew _d1 _eopcn _f19 _gy-gencatlg |
||
| 942 |
_2lcc _cBOOKS _hPR 2890 .W66 1976 |
||